000 01561nam a22003977a 4500
003 CHAP
005 20220329143435.0
008 090827s2009 mx r 00010 spa d
010 _a96642
011 _a97614
035 _a108284
040 _cCHAP
090 _aTesis
100 1 _aGarcía Márquez, Benjamín.
_946305
245 1 0 _aPropuesta de diseño de una máquina deshidratadora de rebanadas de mango (Mangifera indica L.)
_c/por Benjamín García Márquez
260 _aChapingo, Méx. :
_bEl autor,
_c2009
300 _aiv, 78 h. :
_bcuadros, gráfs. , ilus.
502 _aTesis (Ing. Mecánico Agrícola) -- UACH. Departamento de Ingeniería Mecánica Agrícola
530 _aTambién disponible en línea
590 _aALEPH
_b10
_c20130110
_lUCH01
_h1529
590 _aBATCH-UPD
_b10
_c20130110
_lUCH01
_h1820
590 _aBATCH-UPD
_b10
_c20130410
_lUCH01
_h1154
590 _aBATCH-UPD
_b10
_c20130914
_lUCH01
_h1446
590 _aBATCH-UPD
_b10
_c20140324
_lUCH01
_h1512
590 _aBATCH-UPD
_b10
_c20141002
_lUCH01
_h0840
590 _aCONVERSION
_b10
_c20130109
_lUCH01
_h1353
650 0 4 _aFrutas y legumbres
_xDeshidratación.
_943680
650 1 4 _aMango
_xDeshidratación.
_970406
650 1 4 _aMango
_xProcesado.
_970452
650 1 4 _aMaquinaria
_xDiseño.
_971143
856 _3Finding aid
_uhttp://10.13.5.2/tesis/108284.pdf
_zTeclea aqui
901 _aBK
942 _cFOLL
949 _aTesis
_bBC
_cTES
_d33724002113769
_eTS1
_gDonaciØn
_h49464
_i108284
_sb
949 _aTesis
_bBC
_cTES
_d33724002113801
_eTS2
_fc.2
_gDonaciØn
_h49465
_i108284
_sb
999 _c96642
_d96642